the essential book of corporate governance / (Record no. 137692)

MARC details
000 -LEADER
fixed length control field 00635nam a22001937a 4500
005 - DATE AND TIME OF LATEST TRANSACTION
control field 20170217145501.0
010 ## - LCCN (DPL NO)
LC control number ENG-117283
020 ## - INTERNATIONAL STANDARD BOOK NUMBER
International Standard Book Number 9789385985218
Terms of availability 595.00
035 ## - SYSTEM CONTROL NUMBER
System control number EN-100815
037 ## - SOURCE OF ACQUISITION
Source of stock number/acquisition DBAD/PUB
082 00 - DEWEY DECIMAL CLASSIFICATION NUMBER
Classification number 658.42
100 ## - MAIN ENTRY--PERSONAL NAME
Personal name Bajpai,G.N.
245 10 - TITLE STATEMENT
Title the essential book of corporate governance /
Statement of responsibility, etc by G.N. Bajaj
260 ## - PUBLICATION, DISTRIBUTION, ETC. (IMPRINT)
Place of publication, distribution, etc New Delhi
Name of publisher, distributor, etc SAGE Publications
Date of publication, distribution, etc 2017
270 ## - ADDRESS
Address B1/I-1 Mohan Cooperative Industrial Area, Mathura Road
City New Delhi
Postal code 110044
300 ## - PHYSICAL DESCRIPTION
Extent xvii,333p. ;
Dimensions 22cm(pbk)
Other physical details ill
500 ## - GENERAL NOTE
General note Includes bibliographical references and index
942 ## - ADDED ENTRY ELEMENTS (KOHA)
Source of classification or shelving scheme Dewey Decimal Classification
Item type English Books
Classification part 658.42
Call number suffix BAJ
Holdings
Withdrawn status Lost status Not for loan Collection code Home library Current library Date acquired Source of acquisition Cost, normal purchase price Full call number Barcode Copy number Cost, replacement price Koha item type
    Not For Loan Non-fiction D.B.Act.Division D.B.Act.Division 17/02/2017 DBAD/PUB 595.00 658.42 BAJ EN-100815 1 595.00 English Books

© Delhi Public Library
Hit Counter
free hit counter